000 01083nam a2200265Ia 4500
003 OSt
005 20221005113558.0
006 a|||||r|||| 00| 0
007 ta
008 221004b |||||||| |||| 00| 0 hin d
024 _a10422
037 _cTextual
040 _aCRL
_cCRL
_bhin
041 _2hin
_ahin
100 _aनागरवाल, त्रिवेणी, ले.
110 _aदिल्ली विश्वविद्यालय. कला संकाय. हिन्दी विभाग
245 0 _a‘ गिरिराज किशोर के उपन्यासों में समाज बोध ’
246 _a‘ girirāj kishor ke upanyāsoan mean samāj bodh ’
260 _c2012
300 _a377पृ0
_ccm.
650 _aहिन्दी साहित्य
700 _aदिल्ली विश्वविद्यालय. कला संकाय. हिन्दी विभाग
942 _cTEXL
_2cc
999 _c1028615
_d1028615